Central Library and Information Centre
Sibsagar Girls' College, Sivasagar : Assam

ECONOMIC PLANNING & DEVELOPMENT OF NORTH-EASTERN STATES (Record no. 9408)

MARC details
000 -LEADER
fixed length control field 00522cam a2200205ua 4500
008 - FIXED-LENGTH DATA ELEMENTS--GENERAL INFORMATION
fixed length control field 160711n II |||gr||||Z||||||eng
040 ## - CATALOGING SOURCE
Original cataloging agency MAIN
041 ## - LANGUAGE CODE
-- English
082 ## - DEWEY DECIMAL CLASSIFICATION NUMBER
Classification number 338.9 BAN
100 ## - MAIN ENTRY--PERSONAL NAME
Personal name BANERJEE,AMLESH.
245 ## - TITLE STATEMENT
Title ECONOMIC PLANNING & DEVELOPMENT OF NORTH-EASTERN STATES
250 ## - EDITION STATEMENT
Edition statement 1ST.
260 ## - PUBLICATION, DISTRIBUTION, ETC.
Place of publication, distribution, etc. NEW DELHI:
Name of publisher, distributor, etc. KANISHKA PUB.,
Date of publication, distribution, etc. 1999.
300 ## - PHYSICAL DESCRIPTION
Extent 441:
Dimensions 22CM.
700 ## - ADDED ENTRY--PERSONAL NAME
Personal name BANERJEE,AMLESH.,
Relator term Author.
700 ## - ADDED ENTRY--PERSONAL NAME
Personal name KAR,BIMAL.
942 ## - ADDED ENTRY ELEMENTS (KOHA)
Koha item type Books
653 ## - INDEX TERM--UNCONTROLLED
Uncontrolled term Economic Development
Holdings
Withdrawn status Lost status Damaged status Not for loan Collection code Home library Current library Shelving location Date acquired Full call number Barcode Date last seen Copy number Price effective from Koha item type
        REFECO Central Library and Information Centre Sibsagar Girls College Central Library and Information Centre Sibsagar Girls College Economics Rack 01.08.2006 338.9 BAN 21478 27.02.2020 1 27.02.2020 Books


Sibsagar Girl's College © 2020. All rights reserved.
Powered by Koha.
Maintained by Abhijit Borpuzari.